| 000 | 00844cam a2200265 a 4500 | ||
|---|---|---|---|
| 001 | 17457033 | ||
| 005 | 20180212045151.0 | ||
| 008 | 120906s2014 moua b 001 0 eng | ||
| 010 | _a 2012036416 | ||
| 020 | _a9780323087896 (pbk. : alk. paper) | ||
| 035 | _a(DNLM)101591710 | ||
| 040 |
_aDNLM/DLC _cDLC _dDLC |
||
| 041 | _aeng | ||
| 042 | _apcc | ||
| 060 | 1 | 0 | _aQV 4 |
| 080 | _a615.5 LAN | ||
| 082 | 0 | 0 |
_a615.5 LAN _223 |
| 100 | 1 | _a5 | |
| 101 | _aFAR | ||
| 245 | 1 | 0 |
_aPharmacology and the nursing process / _cLinda Lane Lilley, Shelly Rainforth Collins, Julie S. Snyder ; with study skills tips by Diane Savoca. |
| 504 | _aIncludes bibliographical references and index. | ||
| 906 |
_a7 _bcbc _corignew _d1 _eecip _f20 _gy-gencatlg |
||
| 942 |
_2ddc _cBK |
||
| 999 |
_c42321 _d42321 |
||